00807nam a2200205 a 450000100100000000500170001000800410002702000150006804000250008308200130010824501420012126000730026349000480033650000310038450000320041550400310044770000330047870000420051183000480055300004174620201002035730.0131016s2003 sp ab 000 0 spa d a840008201X aDO-SdBNPbspacBNPHU axxxbxxx00aMétodos para la planificación de espacios naturales protegidos. /ceditores, Javier Martínez Vega, María Asunción Martín Lou. aMadrid, :bConsejo Superior de Investigaciones Científicas,c2003.1 aEstudios ambientales y socioeconómicosv2 aIncluye índice de tablas aIncluye índice de figuras aBibliografías p: 199-2181 aMartínez Vega, Javiereed.1 aAsunción Martín Lou, Maríaeed. 0aEstudios ambientales y socioeconómicosv2